00438nam a2200133 4500008004100000022001300041245005100054260005400105300001000159650002000169942000700189952009300196999001500289240219b |||||||| |||| 00| 0 eng d a19972997 aEthics in action-Vol. 8, no. 6 (December 2014) aHong Kong :bAsian human rights commission,c2014 b39 p. aIslam -- Ethics cCR 00102ddc4070aMAINbMAINd2024-02-19l0o174 ETHpRAF5063r2024-02-19w2024-02-19yCR c4780d4780